[Event "March TNT"]
[Site "Winnipeg CAN"]
[Date "2002.03.12"]
[Round "2.1"]
[White "Khedkar, Jay"]
[Black "Haapamaki, Eric"]
[Result "0-1"]
[WhiteElo "2057"]
[BlackElo "1803"]
[PlyCount "70"]
[EventDate "2002.03.05"]
[EventType "swiss"]
[EventRounds "4"]
[EventCountry "CAN"]

1. e4 c5 2. Nf3 d6 3. d4 cxd4 4. Nxd4 Nf6 5. Nc3 a6 6. Bg5 e6 7. f4 Qb6 8. Qd2
Qxb2 9. Nb3 Qa3 10. Bxf6 gxf6 11. Bd3 Nc6 12. Nb1 Qb4 13. c3 Qb6 14. c4 Bd7 15.
Nc3 Rd8 16. Rb1 Qc7 17. O-O h5 18. Qf2 Ke7 19. f5 Bg7 20. Rbc1 Ne5 21. Be2 b6
22. Nd4 Qc5 23. fxe6 fxe6 24. Rb1 Rb8 25. Rfc1 Nc6 26. Nd5+ exd5 27. cxd5 Qxd4
28. dxc6 Qxf2+ 29. Kxf2 Bc8 30. c7 Rb7 31. Bxa6 Ra7 32. Bd3 Rxa2+ 33. Kf1 Bh6
34. Rc6 Be3 35. Be2 Bc5 0-1

[Event "March TNT"]
[Site "Winnipeg CAN"]
[Date "2002.03.12"]
[Round "2.2"]
[White "Curtis, Rory"]
[Black "Schulz, Waldemar"]
[Result "0-1"]
[WhiteElo "1729"]
[BlackElo "2043"]
[PlyCount "68"]
[EventDate "2002.03.05"]
[EventType "swiss"]
[EventRounds "4"]
[EventCountry "CAN"]

1. e4 c5 2. d4 cxd4 3. c3 dxc3 4. Nxc3 Nc6 5. Nf3 e6 6. Bc4 Bc5 7. O-O a6 8.
Qe2 Nge7 9. Bg5 f6 10. Bh4 Ng6 11. Bg3 O-O 12. Rad1 Qe7 13. Na4 Nge5 14. Nxc5
Qxc5 15. Bb3 b5 16. Nh4 Nd4 17. Rxd4 Qxd4 18. Rd1 Qc5 19. Qh5 Bb7 20. Rxd7 Qc6
21. Rxb7 Qxb7 22. Bxe5 Qxe4 23. Bc3 Qb1+ 24. Qd1 Qxd1+ 25. Bxd1 Rfd8 26. Be2
Kf7 27. Nf3 Rac8 28. g3 Rd5 29. h3 Rd7 30. g4 Rd5 31. Kg2 g6 32. a3 Rc7 33. Nd4
e5 34. Nc2 Rxc3 0-1

[Event "March TNT"]
[Site "Winnipeg CAN"]
[Date "2002.03.12"]
[Round "2.3"]
[White "Kohalmi, Andy"]
[Black "Czarny, Keith"]
[Result "0-1"]
[WhiteElo "1911"]
[BlackElo "1734"]
[PlyCount "48"]
[EventDate "2002.03.05"]
[EventType "swiss"]
[EventRounds "4"]
[EventCountry "CAN"]

1. Nf3 e6 2. d4 f5 3. Nc3 Nf6 4. Bg5 Be7 5. e3 O-O 6. Qd2 c5 7. Bxf6 Bxf6 8.
dxc5 Qc7 9. Qd6 Qa5 10. Nd4 e5 11. Nxf5 Qd8 12. Bc4+ Kh8 13. Nd5 Nc6 14. O-O e4
15. Nxf6 Rxf6 16. Qf4 d5 17. Rfd1 Rxf5 18. Qg3 Rg5 19. Qf4 Rg4 20. Qf7 Ne5 21.
Qxd5 Rxg2+ 22. Kxg2 Qg5+ 23. Kh1 Bg4 24. h3 Bf3+ 0-1

[Event "March TNT"]
[Site "Winnipeg CAN"]
[Date "2002.03.12"]
[Round "2.4"]
[White "Hanrahan, Nigel"]
[Black "Wasney, Mark"]
[Result "1/2-1/2"]
[WhiteElo "1682"]
[BlackElo "1714"]
[PlyCount "101"]
[EventDate "2002.03.05"]
[EventType "swiss"]
[EventRounds "4"]
[EventCountry "CAN"]

1. c4 Nf6 2. g3 g6 3. Bg2 Bg7 4. Nc3 O-O 5. e4 d6 6. d3 c6 7. Rb1 Na6 8. b4 Nc7
9. Bb2 e5 10. Ba3 Re8 11. Qb3 Be6 12. Bh3 d5 13. Bxe6 fxe6 14. Rd1 Kh8 15. Nf3
Nh5 16. Bc1 Qd7 17. Na4 Qe7 18. O-O d4 19. Nb2 b5 20. c5 a5 21. a3 axb4 22.
axb4 Qf8 23. Nh4 Ra7 24. f4 Qe7 25. Ng2 Rea8 26. fxe5 Ra2 27. g4 R8a3 28. Qc2
Rc3 29. Qe2 Qe8 30. gxh5 gxh5 31. Bf4 Rb3 32. Rd2 Rxb4 33. Nd1 Ra3 34. Ne1 Ra5
35. Ra2 Rba4 36. Rxa4 bxa4 37. Qd2 Qa8 38. Bh6 Ne8 39. Bxg7+ Nxg7 40. Rf8+ Qxf8
41. Qxa5 h6 42. Qxa4 Qxc5 43. Qc4 Qxe5 44. Qxc6 Qg5+ 45. Ng2 Qd2 46. Qa8+ Kh7
47. Qa1 e5 48. Nf2 Qg5 49. Qd1 Ne6 50. Kf1 Kg6 51. Qf3 1/2-1/2

[Event "March TNT"]
[Site "Winnipeg CAN"]
[Date "2002.03.12"]
[Round "2.5"]
[White "Milord, Frank"]
[Black "Czypinski, Jaroslaw"]
[Result "0-1"]
[WhiteElo "1697"]
[BlackElo "1925"]
[PlyCount "52"]
[EventDate "2002.03.05"]
[EventType "swiss"]
[EventRounds "4"]
[EventCountry "CAN"]

1. e4 e6 2. d4 d5 3. e5 c5 4. c3 Nc6 5. Nf3 Qb6 6. a3 c4 7. Be2 Bd7 8. Nbd2 Na5
9. O-O Be7 10. h3 Nh6 11. g4 f6 12. Qc2 Nf7 13. exf6 gxf6 14. Re1 O-O-O 15. Bd1
Rdg8 16. Kh1 h5 17. g5 fxg5 18. Ne5 Nxe5 19. Rxe5 g4 20. Nf1 Bd6 21. Rg5 Qd8
22. Rxg8 Rxg8 23. f3 Nb3 24. Rb1 gxh3 25. Qh7 Nxc1 26. Rxc1 Qg5 0-1

[Event "March TNT"]
[Site "Winnipeg CAN"]
[Date "2002.03.12"]
[Round "2.6"]
[White "Gibbons, Lorne"]
[Black "Rutter, Blair"]
[Result "0-1"]
[WhiteElo "1266"]
[BlackElo "1599"]
[PlyCount "30"]
[EventDate "2002.03.05"]
[EventType "swiss"]
[EventRounds "4"]
[EventCountry "CAN"]

1. d4 d5 2. c4 c6 3. Nc3 Nf6 4. Bf4 Bf5 5. e3 e6 6. a4 Bb4 7. Nge2 O-O 8. f3
Nbd7 9. g4 Bg6 10. Qb3 a5 11. c5 Re8 12. Bd6 e5 13. Kf2 exd4 14. Nxd4 Ne5 15.
Rd1 Nexg4+ 0-1

[Event "March TNT"]
[Site "Winnipeg CAN"]
[Date "2002.03.12"]
[Round "2.7"]
[White "Pottinger, Carl"]
[Black "Trueman, Francis"]
[Result "1/2-1/2"]
[WhiteElo "1528"]
[BlackElo "1448"]
[PlyCount "104"]
[EventDate "2002.03.05"]
[EventType "swiss"]
[EventRounds "4"]
[EventCountry "CAN"]

1. e4 g6 2. d4 d6 3. Be3 Bg7 4. Nc3 Nd7 5. g4 c6 6. Qd2 e5 7. O-O-O a5 8. h4
Ngf6 9. Be2 O-O 10. h5 b5 11. Bh6 b4 12. Na4 Nxe4 13. Qe3 Bxh6 14. Qxh6 Qg5+
15. Qxg5 Nxg5 16. dxe5 dxe5 17. Nh3 Nxh3 18. Rxh3 Ra7 19. Rh2 Nf6 20. f3 e4 21.
fxe4 Bxg4 22. Bxg4 Nxg4 23. Rh4 Nf6 24. Rg1 Re7 25. hxg6 fxg6 26. c3 Rxe4 27.
Rxe4 Nxe4 28. cxb4 axb4 29. Rg4 Ra8 30. b3 Nf2 31. Rc4 Ra6 32. Kb1 Nd3 33. Rd4
Ne5 34. Rxb4 h5 35. Nc5 Ra5 36. Rb8+ Kg7 37. Ne6+ Kf6 38. Nd4 c5 39. Rb6+ Kg5
40. b4 cxb4 41. Rxb4 Ra6 42. a4 Kf6 43. Kc2 Nc6 44. Nxc6 Rxc6+ 45. Kd3 g5 46.
a5 Kf5 47. Ra4 h4 48. a6 Rc8 49. a7 Ra8 50. Ke2 g4 51. Kf2 Kg5 52. Kg2 Kf5
1/2-1/2

[Event "March TNT"]
[Site "Winnipeg CAN"]
[Date "2002.03.12"]
[Round "2.8"]
[White "Semenko, Rena"]
[Black "Weijs, Harry"]
[Result "0-1"]
[WhiteElo "1043"]
[BlackElo "1528"]
[PlyCount "47"]
[EventDate "2002.03.05"]
[EventType "swiss"]
[EventRounds "4"]
[EventCountry "CAN"]

1. e4 d5 2. d3 e5 3. Nf3 Nc6 4. Nc3 Bb4 5. Bd2 Bxc3 6. bxc3 dxe4 7. dxe4 Nf6 8.
Bd3 Bg4 9. Bb5 Nxe4 10. Qc1 Qd6 11. Bxc6+ bxc6 12. Be3 O-O 13. c4 Qb4+ 14. Kf1
Qxc4+ 15. Kg1 Bxf3 16. gxf3 Nc3 17. Kg2 Ne2 18. Bg5 Nf4+ 19. Kg3 Ng6 20. Kg2 e4
21. h4 Ne5 22. fxe4 Qxe4+ 23. Kf1 Qc4+ 24. Kg2 0-1

[Event "March TNT"]
[Site "Winnipeg CAN"]
[Date "2002.03.19"]
[Round "3.1"]
[White "Schulz, Waldemar"]
[Black "Haapamaki, Eric"]
[Result "1-0"]
[WhiteElo "2043"]
[BlackElo "1803"]
[PlyCount "61"]
[EventDate "2002.03.05"]
[EventType "swiss"]
[EventRounds "4"]
[EventCountry "CAN"]

1. Nf3 Nf6 2. d4 g6 3. c4 Bg7 4. Nc3 d6 5. e4 O-O 6. Be2 e5 7. dxe5 dxe5 8.
Qxd8 Rxd8 9. Bg5 c6 10. O-O Bg4 11. Rad1 Nbd7 12. Rd6 Nc5 13. Rxf6 Bxf6 14.
Bxf6 Re8 15. Rd1 Nd7 16. Bg5 f6 17. Be3 Nb6 18. b3 Rad8 19. h3 Rxd1+ 20. Bxd1
Be6 21. Be2 Kf7 22. g4 Nc8 23. Kg2 b6 24. g5 Bd7 25. gxf6 Kxf6 26. c5 b5 27.
Bd2 Ne7 28. Nd1 Ng8 29. Nb2 h6 30. Nd3 g5 31. Nfxe5 1-0

[Event "March TNT"]
[Site "Winnipeg CAN"]
[Date "2002.03.19"]
[Round "3.2"]
[White "Greenberg, Harley"]
[Black "Czarny, Keith"]
[Result "1-0"]
[WhiteElo "1738"]
[BlackElo "1734"]
[PlyCount "57"]
[EventDate "2002.03.05"]
[EventType "swiss"]
[EventRounds "4"]
[EventCountry "CAN"]

1. d4 e6 2. c4 f5 3. g3 Nf6 4. Bg2 g6 5. Nf3 Bg7 6. Nc3 O-O 7. O-O d6 8. Nd2
Nc6 9. d5 exd5 10. Nxd5 Nxd5 11. Bxd5+ Kh8 12. Bg2 Be6 13. Rb1 Qd7 14. b3 Rae8
15. Nf3 b6 16. Ba3 Rf7 17. Ng5 Rfe7 18. Nxe6 Rxe6 19. c5 bxc5 20. Bxc5 Rxe2 21.
Qd5 Ne7 22. Qd3 Rxa2 23. Bd4 Nc8 24. Rfe1 Rxe1+ 25. Rxe1 Nb6 26. Qc3 Bxd4 27.
Qxd4+ Kg8 28. Qf6 Qf7 29. Qd8+ 1-0

[Event "March TNT"]
[Site "Winnipeg CAN"]
[Date "2002.03.19"]
[Round "3.3"]
[White "Wasney, Mark"]
[Black "Khedkar, Jay"]
[Result "0-1"]
[WhiteElo "1714"]
[BlackElo "2057"]
[PlyCount "82"]
[EventDate "2002.03.05"]
[EventType "swiss"]
[EventRounds "4"]
[EventCountry "CAN"]

1. e4 c5 2. Nf3 d6 3. d4 cxd4 4. Nxd4 Nf6 5. Nc3 a6 6. Be3 e6 7. g4 Be7 8. f3
Nc6 9. Qd2 Qc7 10. O-O-O Nd7 11. h4 Nde5 12. Be2 b5 13. Bxb5 axb5 14. Ndxb5 Qb8
15. Nxd6+ Bxd6 16. Qxd6 Qxd6 17. Rxd6 O-O 18. Bc5 Rd8 19. Rf1 Ba6 20. Rf2 Rxd6
21. Bxd6 Rd8 22. Bc5 Nd4 23. f4 Nxg4 24. Rd2 Nc6 25. Rxd8+ Nxd8 26. a4 Nf6 27.
b4 Bb7 28. e5 Nd5 29. Nxd5 exd5 30. Kd2 Ne6 31. Kd3 Nxc5+ 32. bxc5 Kf8 33. Kd4
Ke7 34. f5 Bc6 35. a5 g6 36. Ke3 gxf5 37. Kf4 Ke6 38. a6 h6 39. c3 Ba8 40. h5
Bc6 41. a7 Ba8 0-1

[Event "March TNT"]
[Site "Winnipeg CAN"]
[Date "2002.03.19"]
[Round "3.4"]
[White "Czypinski, Jaroslaw"]
[Black "Curtis, Rory"]
[Result "1-0"]
[WhiteElo "1925"]
[BlackElo "1729"]
[PlyCount "55"]
[EventDate "2002.03.05"]
[EventType "swiss"]
[EventRounds "4"]
[EventCountry "CAN"]

1. e4 c5 2. Bc4 Nc6 3. Nf3 Nf6 4. e5 d5 5. exd6 Qxd6 6. Nc3 a6 7. a3 Bg4 8. h3
Bh5 9. Be2 e5 10. d3 Be7 11. Be3 O-O 12. O-O Rfe8 13. Ng5 Bxe2 14. Qxe2 Nd4 15.
Qd2 Nf5 16. Nge4 Qc6 17. Nxf6+ Bxf6 18. Ne4 Nh4 19. Nxf6+ gxf6 20. f3 Kh8 21.
Bf2 Nf5 22. Qe2 Rg8 23. Kh1 Rg5 24. Qe4 Qd7 25. g4 Ne7 26. Bxc5 Rc8 27. Bxe7
Qxe7 28. f4 1-0

[Event "March TNT"]
[Site "Winnipeg CAN"]
[Date "2002.03.19"]
[Round "3.6"]
[White "Hanrahan, Nigel"]
[Black "Milord, Frank"]
[Result "1/2-1/2"]
[WhiteElo "1682"]
[BlackElo "1697"]
[PlyCount "138"]
[EventDate "2002.03.05"]
[EventType "swiss"]
[EventRounds "4"]
[EventCountry "CAN"]

1. c4 c5 2. g3 Nc6 3. Bg2 Nf6 4. Nc3 g6 5. e4 d6 6. h3 Bg7 7. Nge2 O-O 8. O-O
Rb8 9. a3 a6 10. Rb1 b5 11. cxb5 axb5 12. b4 c4 13. a4 Ba6 14. a5 e6 15. f4 Bb7
16. Nxb5 Ba6 17. Nbd4 Nxd4 18. Nxd4 Qc7 19. Ne2 Rxb4 20. Rxb4 Qc5+ 21. Rf2 Qxb4
22. Nc3 Qxa5 23. Qa4 Qxa4 24. Nxa4 Nd7 25. Bb2 Rc8 26. Bxg7 Kxg7 27. Bf1 Nc5
28. Nb6 Rc6 29. Nxc4 Bxc4 30. Bxc4 Nxe4 31. Bb5 Rc1+ 32. Rf1 Rxf1+ 33. Kxf1
Nxd2+ 34. Ke2 Ne4 35. Kf3 d5 36. g4 Nd6 37. Bd3 h6 38. Ke3 Kf6 39. h4 g5 40.
fxg5+ hxg5 41. h5 Kg7 42. Kd4 f6 43. Kc5 Ne4+ 44. Kd4 Kh6 45. Bb5 e5+ 46. Ke3
Nc3 47. Bc6 d4+ 48. Kd3 Nd1 49. Ke4 Nf2+ 50. Kf3 Nh3 51. Ke4 Nf4 52. Kf5 d3 53.
Bf3 d2 54. Ke4 Ng2 55. Bd1 Nf4 56. Ke3 Nxh5 57. gxh5 f5 58. Kxd2 g4 59. Ke3
Kxh5 60. Kf2 Kh4 61. Kg2 Kg5 62. Bc2 e4 63. Kf2 Kf4 64. Bb1 g3+ 65. Kg2 e3 66.
Bd3 Kg4 67. Be2+ Kh4 68. Bf3 f4 69. Be2 Kg5 1/2-1/2

[Event "March TNT"]
[Site "Winnipeg CAN"]
[Date "2002.03.19"]
[Round "3.7"]
[White "Semenko, Rena"]
[Black "Pottinger, Carl"]
[Result "0-1"]
[WhiteElo "1043"]
[BlackElo "1528"]
[PlyCount "54"]
[EventDate "2002.03.05"]
[EventType "swiss"]
[EventRounds "4"]
[EventCountry "CAN"]

1. e4 c5 2. f3 d6 3. Ne2 Nc6 4. d4 cxd4 5. Nxd4 Bd7 6. Be3 g6 7. f4 Nf6 8. Nc3
Bg7 9. Qd3 Ng4 10. Nf3 Nb4 11. Qd2 Nxe3 12. Bd3 Qb6 13. a3 Nxd3+ 14. cxd3 Rc8
15. e5 dxe5 16. fxe5 Bh6 17. d4 Bf5 18. h3 Nc2+ 19. Kd1 Bxd2 20. Kxd2 Qxb2 21.
Rab1 Qxc3+ 22. Ke2 Nxd4+ 23. Kf2 Bxb1 24. Rxb1 Qc2+ 25. Ke3 Nf5+ 26. Kf4 Rc4+
27. Kg5 h6# 0-1

[Event "March TNT"]
[Site "Winnipeg CAN"]
[Date "2002.03.26"]
[Round "4.1"]
[White "Greenberg, Harley"]
[Black "Schulz, Waldemar"]
[Result "0-1"]
[WhiteElo "1738"]
[BlackElo "2043"]
[PlyCount "82"]
[EventDate "2002.03.05"]
[EventType "swiss"]
[EventRounds "4"]
[EventCountry "CAN"]

1. d4 d5 2. c4 e6 3. Nc3 Nf6 4. Nf3 c6 5. g3 Be7 6. Bg2 O-O 7. O-O Nbd7 8. b3
b6 9. e4 dxe4 10. Ng5 Bb7 11. Ngxe4 Nxe4 12. Nxe4 Nf6 13. Bb2 Qc7 14. Qf3 Nxe4
15. Qxe4 Bf6 16. Rad1 Rfd8 17. Bc1 Rd7 18. Rfe1 Rad8 19. Bf4 Qc8 20. Be5 Bxe5
21. Qxe5 Qb8 22. Qe3 h6 23. b4 Qc7 24. c5 Ba6 25. Qc3 Bb5 26. Re4 bxc5 27. bxc5
a5 28. h4 Qa7 29. Rde1 Qa6 30. Rg4 Be2 31. f3 Qd3 32. Qc1 Rxd4 33. Re4 Rxe4 34.
fxe4 Bf3 35. a3 Bxg2 36. Kxg2 Qd2+ 37. Qxd2 Rxd2+ 38. Kf3 Rc2 39. Re3 e5 40. h5
Rxc5 41. Re1 Kf8 0-1

[Event "March TNT"]
[Site "Winnipeg CAN"]
[Date "2002.03.26"]
[Round "4.2"]
[White "Czarny, Keith"]
[Black "Khedkar, Jay"]
[Result "0-1"]
[WhiteElo "1734"]
[BlackElo "2057"]
[PlyCount "90"]
[EventDate "2002.03.05"]
[EventType "swiss"]
[EventRounds "4"]
[EventCountry "CAN"]

1. Nf3 Nf6 2. g3 d5 3. Bg2 c5 4. O-O Nc6 5. d3 Bg4 6. Bd2 e6 7. h3 Bxf3 8. exf3
Bd6 9. Nc3 Rc8 10. Re1 O-O 11. f4 Bb8 12. a3 a6 13. Ne2 Qd7 14. Nc3 Nd4 15. b3
Rfd8 16. Na4 Ba7 17. Ba5 Re8 18. c3 Nf5 19. Bb6 Rc6 20. Nxc5 Rxc5 21. Bxc5 Bxc5
22. c4 Bb6 23. Ra2 Nxg3 24. cxd5 Nxd5 25. Qg4 Nf5 26. Rc2 Qd6 27. Qxf5 Ne3 28.
Rxe3 Bxe3 29. Qe4 Bxf4 30. b4 g6 31. Rc4 e5 32. d4 b5 33. Rc6 Qxd4 34. Qd5 Qa1+
35. Bf1 Qxa3 36. Rf6 Rf8 37. Bd3 Kg7 38. Rb6 Qxb4 39. Rxa6 Qe1+ 40. Kg2 b4 41.
Bc4 Qd2 42. Qc6 Qd8 43. Bd5 Qg5+ 44. Kf1 Qf5 45. Bg2 Rc8 0-1

[Event "March TNT"]
[Site "Winnipeg CAN"]
[Date "2002.03.26"]
[Round "4.3"]
[White "Kohalmi, Andy"]
[Black "Czypinski, Jaroslaw"]
[Result "0-1"]
[WhiteElo "1911"]
[BlackElo "1925"]
[PlyCount "22"]
[EventDate "2002.03.05"]
[EventType "swiss"]
[EventRounds "4"]
[EventCountry "CAN"]

1. d4 Nf6 2. c4 e6 3. Nc3 Bb4 4. Qb3 c5 5. e3 Nc6 6. Nf3 O-O 7. Bd3 d5 8. O-O
dxc4 9. Bxc4 Na5 10. Qa4 Nxc4 11. a3 Bd7 0-1

[Event "March TNT"]
[Site "Winnipeg CAN"]
[Date "2002.03.26"]
[Round "4.4"]
[White "Rutter, Blair"]
[Black "Wasney, Mark"]
[Result "1-0"]
[WhiteElo "1599"]
[BlackElo "1714"]
[PlyCount "75"]
[EventDate "2002.03.05"]
[EventType "swiss"]
[EventRounds "4"]
[EventCountry "CAN"]

1. d4 Nf6 2. c4 g6 3. Nc3 Bg7 4. e3 O-O 5. Nf3 d5 6. Bd3 c6 7. O-O Nbd7 8. Re1
Re8 9. e4 e5 10. dxe5 Nxe5 11. Nxe5 Rxe5 12. Bf4 Re8 13. Qc2 d4 14. Ne2 c5 15.
f3 Nh5 16. Qd2 Bd7 17. Bg5 Bf6 18. Bxf6 Qxf6 19. Rf1 Bc6 20. g4 Ng7 21. Ng3 Qh4
22. Rae1 Ne6 23. Rf2 a6 24. Rg2 Ng5 25. Rf1 Rab8 26. Ne2 b5 27. Nf4 bxc4 28.
Bxc4 Rb4 29. b3 Qh6 30. Nd3 Rbb8 31. Nxc5 Nh3+ 32. Kh1 Nf4 33. g5 Qh3 34. Qxf4
Rf8 35. Bxf7+ Rxf7 36. Qxb8+ Rf8 37. Qd6 Bb5 38. Ne6 1-0

[Event "March TNT"]
[Site "Winnipeg CAN"]
[Date "2002.03.26"]
[Round "4.5"]
[White "Pottinger, Carl"]
[Black "Weijs, Harry"]
[Result "1-0"]
[WhiteElo "1528"]
[BlackElo "1528"]
[PlyCount "119"]
[EventDate "2002.03.05"]
[EventType "swiss"]
[EventRounds "4"]
[EventCountry "CAN"]

1. e4 d5 2. exd5 Qxd5 3. Nc3 Qa5 4. Nf3 Nf6 5. Be2 g6 6. d3 Bg7 7. Bd2 Qc5 8.
O-O O-O 9. Qc1 Qh5 10. Ng5 Ng4 11. Bxg4 Qxg4 12. Re1 e5 13. Nf3 Nd7 14. Bh6 f6
15. Bxg7 Kxg7 16. Re4 Qe6 17. Qe3 f5 18. Ng5 Qf6 19. Rh4 f4 20. Rxh7+ Kg8 21.
Qh3 Qxg5 22. Rh8+ Kf7 23. Qh7+ Ke6 24. Ne4 Qh5 25. Qxh5 gxh5 26. Rxh5 Nf6 27.
Rh6 Rb8 28. Re1 Kf7 29. Rc1 Be6 30. Nc5 Ke7 31. Rd1 b6 32. Ne4 Nd7 33. Rh7+ Bf7
34. Rh6 Rbc8 35. c4 Rh8 36. Rxh8 Rxh8 37. b4 Bg6 38. f3 Bxe4 39. fxe4 Rf8 40.
d4 Kd6 41. Kf2 exd4 42. Rxd4+ Kc6 43. e5 Re8 44. e6 Rxe6 45. Rd5 Re8 46. Rd4
Rc8 47. Re4 Kd6 48. g3 fxg3+ 49. hxg3 Ne5 50. Rd4+ Kc6 51. g4 b5 52. cxb5+ Kxb5
53. Rd5+ Kxb4 54. Rxe5 a5 55. a3+ Ka4 56. Re3 Rb8 57. g5 Rb3 58. Rxb3 Kxb3 59.
g6 Kxa3 60. g7 1-0

[Event "March TNT"]
[Site "Winnipeg CAN"]
[Date "2002.03.26"]
[Round "4.6"]
[White "Curtis, Rory"]
[Black "Hanrahan, Nigel"]
[Result "1-0"]
[WhiteElo "1729"]
[BlackElo "1682"]
[PlyCount "93"]
[EventDate "2002.03.05"]
[EventType "swiss"]
[EventRounds "4"]
[EventCountry "CAN"]

1. d4 c6 2. c4 d5 3. Nf3 Nf6 4. Nc3 e6 5. Bg5 Nbd7 6. e3 Be7 7. Rc1 O-O 8. Bd3
dxc4 9. Bxc4 Qa5 10. O-O b5 11. Bd3 h6 12. Bh4 Re8 13. Bb1 Ba6 14. Re1 c5 15.
dxc5 Nxc5 16. Ne5 Rad8 17. Qc2 Bb7 18. Bxf6 Bxf6 19. Qh7+ Kf8 20. Ng4 Ke7 21.
Nxf6 Kxf6 22. e4 Rh8 23. e5+ Ke7 24. Qxg7 Rdg8 25. Qf6+ Ke8 26. Ne4 Nxe4 27.
Bxe4 Bxe4 28. Rxe4 Qd8 29. Qxd8+ Kxd8 30. Rd4+ Ke7 31. Rc7+ Kf8 32. Rxa7 Rg5
33. f4 Rg4 34. Rd8+ Kg7 35. Rxh8 Kxh8 36. Rxf7 Kg8 37. Rf6 h5 38. g3 h4 39. Kf2
hxg3+ 40. hxg3 Rg7 41. Rxe6 Rh7 42. Kg2 Rc7 43. b3 Rc2+ 44. Kh3 Rxa2 45. Rb6
Rb2 46. Rxb5 Rb1 47. Rb7 1-0

[Event "March TNT"]
[Site "Winnipeg CAN"]
[Date "2002.03.26"]
[Round "4.8"]
[White "Semenko, Rena"]
[Black "Gibbons, Lorne"]
[Result "1-0"]
[WhiteElo "1043"]
[BlackElo "1266"]
[PlyCount "43"]
[EventDate "2002.03.05"]
[EventType "swiss"]
[EventRounds "4"]
[EventCountry "CAN"]

1. d4 Nf6 2. Nf3 d5 3. Bf4 Bf5 4. e3 g6 5. Bb5+ c6 6. Ba4 Bg7 7. O-O O-O 8. Bb3
Nbd7 9. c4 dxc4 10. Bxc4 e6 11. Nc3 Qe7 12. Re1 b5 13. Bb3 b4 14. Na4 Rfd8 15.
Ne5 h6 16. Nf3 Nh5 17. Qd2 g5 18. a3 f6 19. d5 e5 20. e4 Bg4 21. Be3 f5 22. d6+
1-0

[Event "March of Kings"]
[Site "Calgary CAN"]
[Date "2002.02.25"]
[Round "3"]
[White "Ward, Kevin"]
[Black "Weis, Rod"]
[Result "1-0"]
[WhiteElo "1744"]
[BlackElo "1828"]
[PlyCount "61"]
[EventDate "2002.02.11"]
[EventType "swiss"]
[EventRounds "5"]
[EventCountry "CAN"]

1. f4 Nf6 2. Nf3 d5 3. e3 Bf5 4. b3 e6 5. Be2 Be7 6. O-O Nbd7 7. Bb2 c5 8. d3
a6 9. Nbd2 Ng4 10. Qc1 Nxe3 11. Re1 Bf6 12. Ne5 Nxe5 13. Bxe5 Bxe5 14. fxe5 d4
15. Bf3 Rb8 16. Nf1 Nd5 17. Ng3 Bg6 18. Be4 b6 19. Re2 Nc3 20. Bc6+ Ke7 21. Rf2
Rf8 22. Nh5 Rg8 23. Qg5+ Kf8 24. Nf6 h6 25. Nd7+ Qxd7 26. Qxg6 Qe7 27. Raf1 f5
28. Rxf5+ exf5 29. Rxf5+ Qf6 30. Rxf6+ gxf6 31. Qxf6# 1-0

[Event "Mario-Desautels mem"]
[Site "Hull CAN"]
[Date "2002.11.19"]
[Round "1"]
[White "Charette, Jean Sebastien"]
[Black "Lacourse, Guy"]
[Result "0-1"]
[WhiteElo "1373"]
[BlackElo "1625"]
[PlyCount "142"]
[EventDate "2002.11.19"]
[EventType "swiss"]
[EventRounds "5"]
[EventCountry "CAN"]

1. e4 c5 2. Nf3 d6 3. Bc4 e6 4. Nc3 a6 5. a4 Nc6 6. d4 cxd4 7. Nxd4 Nf6 8. f4
Qc7 9. O-O Nxd4 10. Qxd4 d5 11. Bb5+ axb5 12. Nxb5 Qc5 13. Qxc5 Bxc5+ 14. Kh1
O-O 15. exd5 exd5 16. Rd1 Bg4 17. Re1 Rfe8 18. Bd2 Ne4 19. Nc7 Nf2+ 20. Kg1
Rxe1+ 21. Bxe1 Ne4+ 22. Kf1 Rc8 23. Nxd5 Rd8 24. Nc3 Nxc3 25. bxc3 Re8 26. Bf2
Be2+ 27. Kg1 Bxf2+ 28. Kxf2 Ba6 29. Rd1 Re2+ 30. Kf3 g6 31. Rc1 f5 32. h3 Rd2
33. g4 Bc4 34. g5 Bd5+ 35. Ke3 Rh2 36. Rd1 Rxh3+ 37. Kd4 Bc6 38. a5 Rh2 39. Kd3
Be4+ 40. Ke3 Kf7 41. Rd7+ Ke6 42. Rg7 Kd6 43. c4 Kc5 44. Rc7+ Kb4 45. a6 bxa6
46. c5 a5 47. c3+ Kxc3 48. c6 a4 49. Rc8 Bxc6 50. Rxc6+ Kb2 51. Rb6+ Kc2 52.
Ra6 a3 53. Rc6+ Kd1 54. Rd6+ Kc1 55. Rc6+ Rc2 56. Ra6 a2 57. Kd3 Kb1 58. Ra5
Rb2 59. Kd4 a1=Q 60. Rxa1+ Kxa1 61. Ke5 Rb7 62. Kf6 Kb2 63. Ke5 Kc3 64. Kd5
Rb5+ 65. Ke6 Kd4 66. Kf6 Rb6+ 67. Kg7 Kd5 68. Kh6 Ke6 69. Kg7 Rb4 70. Kh6 Kf7
71. Kxh7 Rb3 0-1

[Event "Mario-Desautels mem"]
[Site "Hull CAN"]
[Date "2002.11.19"]
[Round "1"]
[White "Groleau, Gilles"]
[Black "Lavergne, Daniel"]
[Result "1-0"]
[WhiteElo "2137"]
[BlackElo "1732"]
[PlyCount "61"]
[EventDate "2002.11.19"]
[EventType "swiss"]
[EventRounds "5"]
[EventCountry "CAN"]

1. e4 c5 2. Nf3 d6 3. Bb5+ Nc6 4. O-O Nf6 5. Re1 a6 6. Bf1 Bg4 7. c3 e5 8. d3
Be7 9. Bg5 h6 10. Bxf6 Bxf6 11. Nbd2 Bg5 12. Qc2 Bxd2 13. Nxd2 Be6 14. a3 O-O
15. Rad1 Rc8 16. Nc4 b5 17. Ne3 Ne7 18. Qd2 Rc7 19. Be2 d5 20. exd5 Nxd5 21.
Bf3 Nf4 22. g3 Nh3+ 23. Kg2 Ng5 24. Qe2 Qc8 25. h4 Nxf3 26. Qxf3 f5 27. Nd5 e4
28. dxe4 fxe4 29. Qxe4 Bg4 30. Nxc7 Qxc7 31. Qxg4 1-0

[Event "Mario-Desautels mem"]
[Site "Hull CAN"]
[Date "2002.11.26"]
[Round "2"]
[White "Groleau, Gilles"]
[Black "Laurin, Jacques"]
[Result "1-0"]
[WhiteElo "2137"]
[BlackElo "1924"]
[PlyCount "59"]
[EventDate "2002.11.19"]
[EventType "swiss"]
[EventRounds "5"]
[EventCountry "CAN"]

1. e4 c5 2. Nf3 d6 3. Bb5+ Nc6 4. O-O e6 5. Re1 Nge7 6. c3 a6 7. Bf1 g6 8. d4
cxd4 9. cxd4 Bg7 10. Nc3 O-O 11. Bg5 h6 12. Bh4 g5 13. Bg3 g4 14. d5 gxf3 15.
dxc6 fxg2 16. Bxg2 e5 17. cxb7 Bxb7 18. Qd2 Nc6 19. Rad1 Nd4 20. Ne2 Qb6 21.
Nxd4 exd4 22. f3 Rac8 23. Bf2 Rc4 24. b3 Rb4 25. Rc1 f5 26. Bf1 fxe4 27. fxe4
d5 28. e5 Qg6+ 29. Bg3 h5 30. Qxb4 1-0

[Event "Mario-Desautels mem"]
[Site "Hull CAN"]
[Date "2002.11.26"]
[Round "2"]
[White "Lacourse, Guy"]
[Black "Papineau, Andre"]
[Result "0-1"]
[WhiteElo "1625"]
[BlackElo "1723"]
[PlyCount "92"]
[EventDate "2002.11.19"]
[EventType "swiss"]
[EventRounds "5"]
[EventCountry "CAN"]

1. d4 Nf6 2. c4 c5 3. d5 b5 4. cxb5 a6 5. bxa6 Bxa6 6. Nc3 d6 7. Nf3 g6 8. e4
Bxf1 9. Kxf1 Bg7 10. g3 Nbd7 11. Kg2 Qb6 12. Re1 O-O 13. Re2 Rfb8 14. h3 Ne8
15. Qc2 Nc7 16. a3 Nb5 17. Nxb5 Qxb5 18. a4 Qb3 19. Ra3 Qxc2 20. Rxc2 Rb4 21.
Nd2 Raxa4 22. Rxa4 Rxa4 23. Rc4 Ra2 24. Rc2 Ne5 25. Nc4 Nd3 26. Bd2 Bd4 27. Ne3
Bxe3 28. fxe3 Rxb2 29. Rxb2 Nxb2 30. Kf1 Nc4 31. Bc1 Ne5 32. Ke2 f6 33. Bb2 Kf7
34. Bc3 g5 35. Bxe5 fxe5 36. Kd3 Kg6 37. g4 Kf7 38. Kc3 Ke8 39. Kc4 Kd7 40. Kb5
e6 41. Kc4 exd5+ 42. exd5 e4 43. Kb5 Ke7 44. Kc4 Kf6 45. Kc3 Ke5 46. Kc4 h6 0-1

[Event "Mario-Desautels mem"]
[Site "Hull CAN"]
[Date "2002.11.26"]
[Round "2"]
[White "Lavergne, Daniel"]
[Black "Pepin, Christian"]
[Result "0-1"]
[WhiteElo "1732"]
[BlackElo "1940"]
[PlyCount "52"]
[EventDate "2002.11.19"]
[EventType "swiss"]
[EventRounds "5"]
[EventCountry "CAN"]

1. Nf3 d5 2. c4 e6 3. b3 dxc4 4. bxc4 Nf6 5. g3 Be7 6. Bg2 O-O 7. O-O c5 8. d3
Bd7 9. Ne5 Qc7 10. Bb2 Nc6 11. f4 Rad8 12. h3 Be8 13. Na3 Nxe5 14. Bxe5 Bd6 15.
Bc3 e5 16. Nc2 Nh5 17. Ne3 Bc6 18. Bxc6 bxc6 19. Nf5 exf4 20. e4 Nxg3 21. Nxg7
Be5 22. Qg4 Kh8 23. Rxf4 Bxc3 24. Qxg3 Bxa1 25. Ne6 Rg8 26. Ng5 Rxg5 0-1